000 00461nam a2200157 4500
020 _a0-470-85039-6
082 _a153.93 CAR
100 _aPhilip Carter
245 _aMore Psychometric Testing
260 _aEngland
_bJohn Wiley Sons Ltd
_c2003
300 _a274p.
_e21cm.
500 _aPsychological Tests, Personality Tests, Intelligence Tests, Self Evaluation Self Report Inventories
650 _aNon-fiction
700 _aCarter, Philip
942 _cBK
999 _c12343
_d12343